000 00710nam a2200289Ia 4500
005 20260324150447.0
008 008 260324s9999 xx 000 0 eng d
020 _a9781003250708
037 _aEBOOK
040 _aCRL
040 _beng
040 _cCRL
041 _2eng
041 _aeng
084 _qCRL
100 _aDavid Marshall Lang; Ilia V. Abuladze
_91226494
245 4 _aThe Balavariani
245 0 _bBarlaam and Josaphat: A Tale from the Christian East
260 _bTaylor and Francis
260 _c1966
365 _a
365 _b150
856 _uhttp://www.taylorfrancis.com/books/9781003250708
942 _cEBOOK
999 _c1835976
_d1835976